Disposiciones legales sobre edificaciones privadas Estudio particular de la mujer propietaria /

Detalles Bibliográficos
Autor principal: Moll ̀Nebot, M. A. Sonia
Formato: eBook
Lenguaje:español
Publicado: Madrid: Dykinson, 2021
Materias:
Acceso en línea:Acceso restringido

MARC

LEADER 00000nam a22000007a 4500
005 20210908002329.0
007 cr|||| |||
008 210908s2021 es |||||s|||| 00||0 spa d
020 |a 978-84-1377-476-3 
035 |a 35072 
040 |a vLex 
090 |c 12316  |d 12316 
100 1 |a Moll ̀Nebot, M. A. Sonia 
245 1 0 |a Disposiciones legales sobre edificaciones privadas  |h [Recurso electrn̤ico] :  |b Estudio particular de la mujer propietaria /  |c M. A. Sonia Moll ̀Nebot 
256 |a Servicio en ln̕ea 
260 |a Madrid:  |b Dykinson,  |c 2021 
300 |a 1 recurso electrn̤ico 
506 1 |a Disponible solo en los productos indicados  |d vLex Global  |d vLex Global (Academic Edition, excluding Law Schools)  |d vLex Global (U.S. Academic Edition, Law Schools)  |d vLex Global (U.S. Academic Edition, excluding Law Schools)  |d vLex Global (Academic Edition, Law Schools) 
650 0 4 |a Derecho Pb︢lico y Administrativo  |z Espaą 
740 0 |a vLex Libros (Servicio en ln̕ea) 
856 4 0 |u https://app.vlex.com/#/sources/35072  |z Acceso restringido 
942 |c BOOK 
999 0 |a Public and Administrative Law